Jones v Kernott (Record no. 84247)

MARC details
000 -LEADER
fixed length control field 01036cad a22002055a 4500
001 - CONTROL NUMBER
control field L157043
008 - FIXED-LENGTH DATA ELEMENTS--GENERAL INFORMATION
fixed length control field 120817e2011 xxk 000 0 eng d
035 ## - SYSTEM CONTROL NUMBER
System control number (Sirsi) u157043
041 0# - LANGUAGE CODE
Language code of text/sound track or separate title eng
245 00 - TITLE STATEMENT
Title Jones v Kernott
Medium [electronic resource]
260 ## - PUBLICATION, DISTRIBUTION, ETC.
Date of publication, distribution, etc. 2011
520 ## - SUMMARY, ETC.
Summary, etc. [2011] UKSC 53, 29 November 2011. Concerned with the determination of the beneficial interests in a house acquired in joint names by an unmarried couple as a family home. Held: appeal allowed. CA [2010] EWCA Civ 578 decision overturned, Country Court decision restored. Beneficial interest split 90/10 in favour of J due to K's lack of financial contributions since moving out. "Dowden v Stack" [2007] UKHL 17 considered.
590 ## - LOCAL NOTE (RLIN)
Local note KA
650 24 - SUBJECT ADDED ENTRY--TOPICAL TERM
Topical term or geographic name entry element JONES V KERNOTT
650 24 - SUBJECT ADDED ENTRY--TOPICAL TERM
Topical term or geographic name entry element STACK V DOWDEN
651 #4 - SUBJECT ADDED ENTRY--GEOGRAPHIC NAME
Geographic name England and Wales
Chronological subdivision 1543-
690 ## - LOCAL SUBJECT ADDED ENTRY--TOPICAL TERM (OCLC, RLIN)
Topical term or geographic name as entry element Residential property
9 (RLIN) 6266
856 40 - ELECTRONIC LOCATION AND ACCESS
Uniform Resource Identifier <a href="https://www.supremecourt.gov.uk/decided-cases/docs/UKSC_2010_0130_Judgment.pdf">https://www.supremecourt.gov.uk/decided-cases/docs/UKSC_2010_0130_Judgment.pdf</a>
Public note View the law report free of charge at www.supremecourt.gov.uk
942 ## - ADDED ENTRY ELEMENTS (KOHA)
Suppress in OPAC 0
Holdings
Withdrawn status Lost status Source of classification or shelving scheme Damaged status Not for loan Home library Current library Shelving location Date acquired Total Checkouts Full call number Barcode Date last seen Copy number Price effective from Koha item type
    Dewey Decimal Classification     Virtual Virtual Online 17/08/2012   ONLINE PUBLICATION 157043-2001 06/08/2019 1 06/08/2019 Law report